Пътища от огън (Запис номер 519520)
[ съкратено ]
| 000 -Лидер | |
|---|---|
| Лидер | 01289nam a2200277 a 4500 |
| 003 - Код на организацията, давaща контролен номер | |
| Код на организацията, даваща контролен номер | BLK |
| 005 - Дата и час на последна редакция | |
| Дата и час на последна редакция | 20250724174558.0 |
| 008 - Елементи от данни с фиксирана дължина | |
| Елементи с фиксирана дължина | 211022b bu |||||r|||| 00| | bu d |
| 020 ## - Международен стандартен номер на книга ISBN | |
| ISBN | 9786191953998 |
| 020 ## - Международен стандартен номер на книга ISBN | |
| ISBN | 9786191954001 |
| Коментар към ISBN | (твърди корици) |
| 040 ## - Източник на каталожния запис | |
| Код на библиотеката | BLK |
| 041 ## - Код за език | |
| Език | Български |
| Език за КДБФ | Български |
| 080 ## - УДК | |
| УДК текст | Българска литература |
| УДК код | 821.163.2 |
| УДК – определител | -31 |
| УДК – код + определител | 821.163.2-31 |
| 084 ## - Класификационен индекс по друга класификация | |
| Авторски знак | Лал - Л 17 |
| 100 ## - Редна дума - Автор | |
| R(LIN) | 416860 |
| Автор | Лалева, Мария Жорова |
| 245 ## - Сведения за заглавието | |
| Заглавие | Пътища от огън |
| Подзаглавни данни | роман |
| Авторска отговорност | Мария Лалева. |
| 260 ## - Област на издателските данни | |
| 9 (RLIN) | 214104 |
| Място на издаване | София |
| Име на издателя | Книгомания |
| Година на издаване | 2024 |
| Издателство - префикс ISBN | 978-619-195- ; 978-954-8432- ; 978-954-9817- ; 954-90578- |
| Печатница | [Костинброд] : Мултипринт ООД |
| 300 ## - Физическа характеристика | |
| Брой страници | 539 с. |
| Размер | 21 см |
| 380 ## - Жанр | |
| Жанр | Худож. лит. |
| 500 ## - Общи забележки | |
| Обща забележка | Биогр. данни за авт. отбелязани на 2-ра кор. - Автограф с текст : На читателите на РБ "Любен Каравелов" - Русе с обич, надежда и благодарност! Подпис 21.11.24 Русе |
| 852 ## - Местоположение | |
| Отдел | Заемна - подръчен фонд |
| Систематично-азбучна сигнатура | 821.163.2-31/Л 17 М |
| 942 ## - АРТИКУЛИ | |
| Вид на библиотечния документ | Книги |
| Скрит в OPAC | Не |
| Периодичен библиозапис | Да |
| Koha issues (borrowed), all copies | 172 |
| 944 ## - СЪЗДАВАНЕ И РЕДАКЦИЯ на ЗАПИСА | |
| Дата на регистрацията/редакция | Нора Радева |
| Служител, извършил регистрацията/редакцията | 30531 |
| Номер на служител | Цветелина Шанова |
| 999 ## - СИСТЕМНИ КОНТРОЛНИ НОМЕРА | |
| Koha biblionumber | 519520 |
| Koha biblioitemnumber | 519520 |
| 999 ## - СИСТЕМНИ КОНТРОЛНИ НОМЕРА | |
| Koha biblioitemnumber | 519520 |
| Код за отписване | Код за изгубен артикул | Източник на класификационната схема | Код за повреда | Код за отдаване | Артикулен № | Име на библиотеката - собственик | Име на библиотеката, в която се намира в момента | Статус (Текущо местоположение) | Дата на вписване в системата | Местоположение - отдел | Цена в лева | Инвентарен номер | Систематично азбучна сигнатура | Баркод | Цена в евро | Служебен тип на артикула | Коз за рестрикции |
|---|---|---|---|---|---|---|---|---|---|---|---|---|---|---|---|---|---|
| Не е изгубен | Universal Decimal Classification | Не е повреден | заемане за дома | 952201 | Регионална библиотека "Любен Каравелов" Русе | Регионална библиотека "Любен Каравелов" Русе | Заемна - подръчен фонд | 2024-10-16 | Заемна - подръчен фонд | 16.07 | 120000914058 | 821.163.2-31/Л 17 М | 120000914058 | 8.22 | Книги | ||
| Не е изгубен | Universal Decimal Classification | Не е повреден | заемане за дома | 952202 | Регионална библиотека "Любен Каравелов" Русе | Регионална библиотека "Любен Каравелов" Русе | Заемна - подръчен фонд | 2024-10-16 | Заемна - подръчен фонд | 16.07 | 120000914057 | 821.163.2-31/Л 17 М | 120000914057 | 8.22 | Книги | ||
| Не е изгубен | Universal Decimal Classification | Не е повреден | заемане за дома | 952203 | Регионална библиотека "Любен Каравелов" Русе | Регионална библиотека "Любен Каравелов" Русе | Заемна - подръчен фонд | 2024-10-16 | Заемна - подръчен фонд | 16.07 | 120000914054 | 821.163.2-31/Л 17 М | 120000914054 | 8.22 | Книги | ||
| Не е изгубен | Universal Decimal Classification | Не е повреден | заемане за дома | 952204 | Регионална библиотека "Любен Каравелов" Русе | Регионална библиотека "Любен Каравелов" Русе | Заемна - подръчен фонд | 2024-10-16 | Заемна - подръчен фонд | 16.07 | 120000914055 | 821.163.2-31/Л 17 М | 120000914055 | 8.22 | Книги | ||
| Не е изгубен | Universal Decimal Classification | Не е повреден | заемане за дома | 952205 | Регионална библиотека "Любен Каравелов" Русе | Регионална библиотека "Любен Каравелов" Русе | Заемна - подръчен фонд | 2024-10-16 | Заемна - подръчен фонд | 16.07 | 120000914056 | 821.163.2-31/Л 17 М | 120000914056 | 8.22 | Книги | ||
| Не е изгубен | Universal Decimal Classification | Не е повреден | ползва се в читалня | 957534 | Регионална библиотека "Любен Каравелов" Русе | Регионална библиотека "Любен Каравелов" Русе | Хранилище | 2025-01-07 | Основен фонд - ползва се само за читалня | 22.00 | 120000916315 | Цб 325988 | 120000916315 | 11.25 | Книги | само за читалня | |
| Не е изгубен | Universal Decimal Classification | Не е повреден | ползва се в читалня | 960592 | Регионална библиотека "Любен Каравелов" Русе | Регионална библиотека "Любен Каравелов" Русе | Хранилище | 2025-02-10 | Хранилище | 27.00 | 120000917757 | Цб 326125 | 120000917757 | 13.80 | Книги | само за читалня |